000 00607nam a2200205Ia 4500
005 20250508170204.0
008 008 250505s9999 xx 000 0 eng d
020 _a978-81-316-1196-8
037 _aTextual
040 _aFEDL
_beng
_cFEDL
041 _aeng
_2eng
084 _a305.5, ROY
_qFEDL
100 _aRoy KM Sinha Ed.
_9783377
245 0 _aTribe, caste and peasant world: Legacy of professor Surajit Chandra Sinha
260 _aJaipur, India
_bRawat Publications
_c2022
300 _axx,175p.
365 _aINR
_b895
942 _cTEXL
_h305.5, ROY
999 _c1399692
_d1399692